AUSTRALIA P-Z (pt 2.) - Statistics

General Stats
  • This quiz has been taken 7 times
  • The average score is 7 of 11
Answer Stats
Hint Answer % Correct
Q: state which has Australia Zoo Queensland
100%
V: spread it on bread Vegemite
100%
R: spider Red back
83%
W: National floral emblem Wattle
83%
P: has the body of a beaver,beak and feet of a duck and tail like a dog Platypus
67%
S: long reptile Snake
67%
T: goes on tracks Trains
50%
U: found at beaches Umbrellas
50%
Y: found in the harbour Yacht
50%
X: scientific name for the grass tree Xanthorrhea
33%
Z: icy pole Zooper dooper
33%
No matching quizzes found
Score Distribution
Percent of People with Each Score
Percentile by Number Answered
Your Score History
You have not taken this quiz